Statistiques concernant developpeur de jeux vidéos

Cliquez ici pour prendre le quiz!

Statistiques générales

  • Ce quiz a été pris 21 fois
  • Le résultat moyen est 3 sur 15

Statistiques - réponses

Jeuxdeveloppers% Correct
The crew motorfestIvory tower (ubisoft)
61%
MinecraftMojang studios
61%
The last of usNaughty dog
44%
StarfieldBethesda softwear
28%
Horizon zero dawnGuerrilla Games
17%
Sea of thievesRare
17%
Star wars jedi survivorRespawn enertainment
17%
Forza horizon 5Playground games / Turn 10 studios
11%
Lego city undercoverTraveller's tales games
11%
Hogwarts legacyAvalanche
6%
Need for speed undboundCriterion / Frostbite
6%
Star wars battlefront 2Dice / Criterion / Motive
6%
StrayBlue twelve studios
0%
Unravel 2Coldwood interactive
0%
Avatar frontiers of pandoraMassive entertainment
0%

Distribution des résultats

Percentile par nombre de réponses

% des personnes avec chaque résultat

Votre développement - résultats

Vous n’avez pas pris ce quiz